| 000 | 02328cam a2200517 ca4500 | ||
|---|---|---|---|
| 001 | 191482069X | ||
| 003 | DE-627 | ||
| 005 | 20260206081018.0 | ||
| 007 | tu | ||
| 008 | 250115m20252025gw ||||| 00| ||eng c | ||
| 015 |
_a25,N03 _2dnb |
||
| 016 | 7 |
_a1353144313 _2DE-101 |
|
| 020 |
_a9783111164113 _c : : EUR 139.95 (DE) (freier Preis), EUR 139.95 (AT) (freier Preis) |
||
| 024 | 3 | _a9783111164113 | |
| 035 | _a(DE-627)191482069X | ||
| 035 | _a(DE-599)DNB1353144313 | ||
| 040 |
_aDE-627 _bger _cDE-627 _erda |
||
| 041 |
_aeng _ager |
||
| 044 |
_cXA-DE-BE _cXD-US |
||
| 072 | 7 |
_aPHI 001000 _2bisacsh |
|
| 072 | 7 |
_aSOC 049000 _2bisacsh |
|
| 072 | 7 |
_aREL 015000 _2bisacsh |
|
| 072 | 7 |
_aREL 070000 _2bisacsh |
|
| 072 | 7 |
_aREL 040000 _2bisacsh |
|
| 082 | 0 | 4 | _a290 |
| 084 |
_a1 _2ssgn |
||
| 084 |
_aKUNST _2fid |
||
| 111 | 2 |
_aInternational Conference "The Menorah and the Seven-branched Candelabrum. Jewish and Christian Manifestations in the Medieval and Early Modern Periods" _d2022 _cTübingen _jVerfasserIn _4aut |
|
| 245 | 1 | 4 |
_aThe Menorah and the seven-branched candelabrum _bJewish and Christian manifestations in the medieval and early modern periods _cedited by Andrea Worm and Maria Streicher |
| 250 | _aVol. 2 | ||
| 300 | _a331 S. | ||
| 490 | 0 |
_aAndere Ästhetik - Studien _v15 |
|
| 546 | _aBeiträge teilweise deutsch, teilweise englisch | ||
| 583 | 1 |
_aArchivierung/Langzeitarchivierung gewährleistet _fFID _2pdager _5DE-16 |
|
| 655 | 7 |
_aKonferenzschrift _y2022 _zTübingen _2gnd-content |
|
| 700 | 1 |
_aWorm, Andrea _d1972- _eHerausgeberIn _4edt |
|
| 700 | 1 |
_aStreicher, Maria _eHerausgeberIn _4edt |
|
| 776 | 1 |
_z9783111165219 _cPDF |
|
| 776 | 0 | 8 |
_iErscheint auch als _nOnline-Ausgabe _tThe Menorah and the seven-branched candelabrum _dBerlin : De Gruyter, 2025 _h1 Online-Ressource (XXXV, 669 p.) _w(DE-627)194050287X _z9783111165219 |
| 856 | 4 | 2 |
_uhttps://deposit.dnb.de/cgi-bin/dokserv?id=d3efe6a395ad4fc7ae28206ad0fd89f5 _mX:MVB _qtext/html _3Inhaltstext |
| 856 | 4 | 2 |
_uhttps://www.degruyter.com/document/cover/isbn/9783111164113/original _mX:MVB _qtext/html _3Inhaltstext |
| 856 | 4 | 2 |
_uhttps://www.degruyter.com/ _mX:MVB _qtext/html _3Inhaltstext |
| 856 | 4 | 2 |
_uhttps://www.degruyter.com/isbn/9783111164113 _mX:MVB _qtext/html _3Inhaltstext |
| 942 |
_2z _cB |
||
| 951 | _aMC | ||
| 999 |
_c374251 _d374251 |
||